All Deadlock Heroes - Statistics

General Stats
  • This quiz has been taken 49 times
  • The average score is 29 of 38
Answer Stats
Category Hero % Correct
Tank Abrams
96%
Assassin Drifter
89%
Support The Doorman
89%
Support Graves
85%
Support Kelvin
85%
Assassin Mina
85%
Tank Mo & Krill
85%
Support Rem
85%
Tank Silver
85%
Assassin Apollo
81%
Tank Billy
81%
Assassin Calico
81%
Support Celeste
81%
Carry Haze
81%
Carry Infernus
81%
Support Ivy
81%
Support Paige
81%
Support Bebop
78%
Carry Venator
78%
Tank Victor
78%
Support Viscous
78%
Support Dynamo
74%
Assassin Lash
74%
Carry Mirage
74%
Carry Vindicta
74%
Carry Seven
70%
Assassin Shiv
70%
Tank Warden
70%
Carry Grey Talon
67%
Carry Holliday
67%
Assassin Pocket
67%
Carry Wraith
67%
Carry Lady Geist
63%
Support Sinclair
63%
Carry Vyper
63%
Assassin Yamato
63%
Support McGinnis
56%
Support Paradox
56%
No matching quizzes found
Score Distribution
Percent of People with Each Score
Percentile by Number Answered
Your Score History
You have not taken this quiz